The multilevel design : a guide with an annotated bibliography, 1980-1993
Αποθηκεύτηκε σε:
| Κύριος συγγραφέας: | |
|---|---|
| Άλλοι συγγραφείς: | |
| Μορφή: | Βιβλίο |
| Γλώσσα: | English |
| Δημοσίευση: |
Westport, Connecticut :
Greenwood Press,
c1995.
|
| Σειρά: | Bibliographies and indexes in sociology ;
23 |
| Θέματα: | |
| Ετικέτες: |
Προσθήκη ετικέτας
Δεν υπάρχουν, Καταχωρήστε ετικέτα πρώτοι!
|
MARC
| LEADER | 00000cam a2200000 i 4500 | ||
|---|---|---|---|
| 001 | 1/1174 | ||
| 008 | 000417s1995 ctu| ||| |||| ||eng|| | ||
| 020 | |a 0313273103 | ||
| 035 | |l 10059921 | ||
| 040 | |a GR-MyUa |b gre |e AACR2 | ||
| 041 | 0 | |a eng | |
| 082 | 7 | |a 016.30072 |2 (22) | |
| 100 | 1 | |a Huttner, Harry J. M. | |
| 245 | 1 | 4 | |a The multilevel design : |b a guide with an annotated bibliography, 1980-1993 / |c Harry J. M. Huttner and Pieter van den Eeden. |
| 260 | |a Westport, Connecticut : |b Greenwood Press, |c c1995. | ||
| 300 | |a 276 σ. ; |c 25 εκ. | ||
| 490 | 1 | |a (Bibliographies and indexes in sociology, |x 0742-6895 ; |v 23) | |
| 500 | |a Περιλαμβάνει ευρετήρια. | ||
| 650 | 0 | 0 | |a Social sciences |x Research |x Bibliography. |
| 650 | 0 | 0 | |a Social sciences |x Research |x Methodology |x Bibliography. |
| 700 | 1 | |a Eeden, Pieter van den. | |
| 830 | 0 | |a Bibliographies and indexes in sociology ; |v 23 | |
| 852 | |a INST |b LESVOS |e 20000417 |h 016.30072 HUT |p 005100023147 |q 005100023147 |t REF |y 23 | ||
| 901 | |a BIBL1-2000-1 | ||
| 922 | |a 1ΕΛΗ |b 200003 |c ΚΠΣ/ΤΚ |d GLORY | ||
| 950 | |a 103-1999-12-08 | ||
| 970 | |a ΤΖΑΦΕΡΗ |b ΕΥΑΓΓΕΛΙΑ |z 2000/04/18 | ||